言語
English
Deutsch
Español
Français
Italiano
日本語
Nederlands
Português
Português (Brasil)
中文(简体)
中文(繁體)
Türkçe
עברית
Gaeilge
Cymraeg
Ελληνικά
Català
Euskara
Русский
Čeština
Suomi
Svenska
polski
Dansk
slovenščina
اللغة العربية
বাংলা
Galego
Tiếng Việt
Hrvatski
हिंदी
Հայերէն
Українська
全フィールド
タイトル
著者
主題
ISBN/ISSN
タグ
識別子
検索
詳細検索
№ 3; Проблемы управления и инф...
この資料を引用
この資料をSMS送信
この資料をメール
印刷
エクスポート
エクスポート先: RefWorks
エクスポート先: EndNoteWeb
エクスポート先: EndNote
パーマネントリンク
Esportazione completata correttamente —
№ 3; Проблемы управления и информатики
書誌詳細
Parent link:
Проблемы управления и информатики: научно-технический журнал/ Национальная академия наук Украины (НАНУ). № 3.— , 1994-.— 0572-2691
言語:
ロシア語
出版事項:
2008
フォーマット:
MixedMaterials
図書
KOHA link:
https://koha.lib.tpu.ru/cgi-bin/koha/opac-detail.pl?biblionumber=406708
所蔵
その他の書誌記述
類似資料
MARC表示
MARC
LEADER
00000nam2a2200000 4500
001
406708
005
20231101070549.0
035
|a
(RuTPU)RU\TPU\prd\58180
090
|a
406708
100
|a
20080703a20089999k y0rusy50 ca
101
0
|a
rus
102
|a
UA
200
0
|a
№ 3
210
|d
2008
461
1
|0
(RuTPU)RU\TPU\prd\312
|x
0572-2691
|t
Проблемы управления и информатики
|o
научно-технический журнал
|f
Национальная академия наук Украины (НАНУ)
|v
№ 3
|d
1994-
801
0
|a
RU
|b
63413507
|c
20010227
|g
PSBO
801
1
|a
RU
|b
63413507
|c
20080703
|g
PSBO
801
2
|a
RU
|b
63413507
|c
20201207
|g
RCR
942
|c
BK
999
|a
НТБ_ТПУ
|b
НФ
|e
-1/20080109
|p
П-6017
|s
7/20070911
|u
222,92
|v
1
類似資料
№ 3; Проблемы управления и информатики
出版事項: (2010)
№ 3; Проблемы управления и информатики
出版事項: (2011)
№ 3; Проблемы управления и информатики
出版事項: (1995)
№ 3; Проблемы управления и информатики
出版事項: (2013)
№ 3; Проблемы управления и информатики
出版事項: (2012)